000 00335nam a22001337a 4500
008 180922b xxu||||| |||| 00| 0 eng d
020 _a9780826123442
041 _aeng
080 _a159.9
100 _a49
101 _aPSI
245 _aPsychological Aspects of Functioning, Disability, and Health
_cPeterson, D.B
942 _2udc
_cBK
999 _c48272
_d48272